banner koha

Aspectos anatomicos da folha do abacaxizeiro (Ananas comosus (L.)Merril), cultivar Smooth Cayenne [estrutura vegetal] (Registro n. 317086)

MARC details
000 -LÍDER
campo de controle de tamanho fixo 01467naa a22003737a 4500
001 - NÚMERO DE CONTROLE
campo de controle BR8500919
003 - IDENTIFICADOR DO NÚMERO DE CONTROLE
campo de controle BR-BrBNA
005 - DATA E HORÁRIO DA ÚLTIMA TRANSAÇÃO
campo de controle 20240918175520.0
007 - CAMPO FIXO DE DESCRIÇÃO FÍSICA--INFORMAÇÃO GERAL
campo de controle de tamanho fixo ta
008 - CAMPO DE DADOS FIXOS--INFORMAÇÃO GERAL
campo de controle de tamanho fixo 230509b bl.||||| |||| 00| 0 por d
040 ## - FONTE DA CATALOGAÇÃO
Instituição da catalogação original BR-BrBNA
Idioma da catalogação por
Instituição que transcreveu o registro Biblioteca Nacional de Agricultura
041 ## - CÓDIGO DE IDIOMA
Código do idioma do texto/trilha sonora ou título diferente (Pt)
072 ## - CÓDIGO DE CATEGORIA DE ASSUNTO
Código de Categoria de Assunto F50
Código do objeto 1126
090 ## - NÚMERO DE CHAMADA LOCAL
Número de chamada F50 BR8500919
100 1# - ENTRADA PRINCIPAL--NOME PESSOAL
Nome pessoal Andrade, V.M. de M.
100 1# - ENTRADA PRINCIPAL--NOME PESSOAL
Nome pessoal Ruggiero, C.
100 1# - ENTRADA PRINCIPAL--NOME PESSOAL
Nome pessoal Costa, M.M. de C.N.P.
100 1# - ENTRADA PRINCIPAL--NOME PESSOAL
Nome pessoal Martinez Junior, M.
111 1# - ENTRADA PRINCIPAL--NOME DO EVENTO
Nome do evento ou lugar 7. Congresso Brasileiro de Fruticultura
Local do evento Florianopolis, SC (Brazil)
Data do evento ou assinatura do tratado 26-30 Sep 1983
245 1# - TÍTULO
Título Aspectos anatomicos da folha do abacaxizeiro (Ananas comosus (L.)Merril), cultivar Smooth Cayenne [estrutura vegetal]
246 1# - FORMA VARIANTE DO TÍTULO
Título/título abreviado Anatomic characteristics of the leaves of the pineapple (Ananas comosus (L.)Merril), cultivar Smooth Cayenne [plant structure]
246 1# - FORMA VARIANTE DO TÍTULO
Título/título abreviado [Proceedings of the 7. Brazilian Congress on Fruit Crops]
260 3# - PUBLICAÇÃO, DISTRIBUIÇÃO, ETC.
Local de publicação, distribuição, etc. Florianopolis, SC (Brasil):
Data da publicação, distribuição, etc. 1984.
500 ## - NOTA GERAL
Nota geral Anais do 7. Congresso Brasileiro de Fruticultura<br/>Florianopolis, SC (Brasil): 1984. v. 1 p. 64-80<br/>(BR8500919-AM)F50<br/>
650 ## - ASSUNTO--TERMO TÓPICO
Cabeçalho tópico ou nome geográfico ABACAXI
650 ## - ASSUNTO--TERMO TÓPICO
Cabeçalho tópico ou nome geográfico VARIEDADE
650 ## - ASSUNTO--TERMO TÓPICO
Cabeçalho tópico ou nome geográfico FOLHA
650 ## - ASSUNTO--TERMO TÓPICO
Cabeçalho tópico ou nome geográfico ESTOMATO
650 ## - ASSUNTO--TERMO TÓPICO
Cabeçalho tópico ou nome geográfico DENSIDADE
650 ## - ASSUNTO--TERMO TÓPICO
Cabeçalho tópico ou nome geográfico ANATOMIA VEGETAL
773 0# - ENTRADA ANALÍTICA
Título Anais do 7. Congresso Brasileiro de Fruticultura
Número de controle do registro F50 BR8500919
Partes relacionadas Florianopolis, SC (Brasil), 1984. v. 1 p. 64-80
909 ## -
-- 202404
-- Lucia
-- 55
-- Lucia Elande
942 ## - ELEMENTOS DE ENTRADA ADICIONADOS (KOHA)
Tipo de material Koha Capítulo-Livro
Fonte da classificação ou esquema de arquivamento na estante Classificação AGRIS
Exemplares
Situação do descarte Fonte da classificação ou esquema de arquivamento na estante Situação física Não pode ser emprestado Coleção Biblioteca de origem Biblioteca atual Localização na estante Total de empréstimos Número de telefone completo Data de último acesso Número do exemplar Tipo de material Koha Situação das perdas Data de aquisição Fonte de aquisição
  Classificação AGRIS       Biblioteca Nacional de Agricultura - Binagri Biblioteca Nacional de Agricultura - Binagri Agrobase - Acervo Geral   5300 BR2017002862 20/05/2024 01 Capítulo-Livro   2024-04-11 Portaria Interministerial nº 164/94

BINAGRI

Telefone: (61)3218-2567/2388/3357/2097 - binagri@agro.gov.br

Ministério da Agricultura e Pecuária , Esplanada dos Ministérios, Bloco D, Anexo B, Brasília/DF, CEP: 70.043-900